Statistics for NBA All-Star Game - Every selected players 2010-2018

Click here to take the quiz!

General Stats

  • This quiz has been taken 460 times
    (281 since last reset)
  • The average score is 59 of 79

Answer Stats

Selections Players Team(s) % Correct
Kevin DurantOKC, GS
100%
10LeBron JamesCLE, MIA, LAL
100%
8Carmelo AnthonyDEN, NY
99%
Dwyane WadeMIA, CHI
99%
Russell WestbrookOKC
99%
Anthony DavisNO
97%
Klay ThompsonGS
97%
Kobe BryantLAL
97%
Stephen CurryGS
97%
James HardenHOU
97%
Kyrie IrvingCLE, BOS
97%
Paul GeorgeIND, OKC
96%
Dirk NowitzkiDAL
96%
6Blake GriffinLAC, DET
96%
Chris PaulNO, LAC
95%
John WallWAS
95%
5Dwight HowardORL, LAL, HOU
94%
7Chris BoshTOR, MIA
93%
DeMar DeRozanTOR
93%
Kyle LowryTOR
92%
Pau GasolLAL, CHI
91%
Draymond GreenGS
91%
Marc GasolMEM
91%
Giannis AntetokounmpoMIL
90%
Tim DuncanSA
89%
LaMarcus AldridgePOR, SA
89%
Damian LillardPOR
89%
Derrick RoseCHI
89%
Al HorfordATL, BOS
89%
Kawhi LeonardSA, TOR
88%
Tony ParkerSA
87%
Kevin LoveMIN, CLE
86%
Kemba WalkerCHA
86%
Paul PierceBOS
86%
Joel EmbiidPHI
84%
3Kevin GarnettBOS
83%
Jimmy ButlerCHI, MIN
83%
DeMarcus CousinsSAC, NO
82%
Ben SimmonsPHI
82%
Bradley BealWAS
82%
Nikola JokicDEN
79%
Karl-Anthony TownsMIN
77%
DeAndre JordanLAC
77%
Isaiah ThomasBOS
75%
Paul MillsapATL
75%
Brook LopezBKN
75%
Rajon RondoBOS
74%
Steve NashPHX
74%
D'Angelo RussellBKN
73%
Ray AllenBOS
71%
Andre DrummondDET
71%
Manu GinobiliSA
70%
Deron WilliamsBKN
70%
Victor OladipoIND
70%
Joakim NoahCHI
69%
Khris MiddletonMIL
68%
Kristaps PorzingisNY
68%
Gordon HaywardUTA
66%
Kyle KorverATL
65%
4Joe JohnsonBKN
64%
Jason KiddDAL
62%
Jeff TeagueATL
61%
Nikola VucevicORL
60%
Goran DragicMIA
57%
2Amar'e StoudemireNY,
54%
Andre IguodalaPHI
54%
Luol DengCHI
50%
Zach RandolphMEM
50%
David LeeNY, GS
47%
1Allen IversonPHI
46%
Jrue HolidayPHI
44%
Roy HibbertIND
43%
Tyson ChandlerNY
40%
Gerald WallaceCHA
37%
Andrew BynumLAL
35%
Yao MingHOU
35%
Brandon RoyPOR
33%
Chauncey BillupsDEN
29%
Chris KamanLAC
14%

Score Distribution

Percentile by Number Answered

Percent of People with Each Score

Your Score History

You have not taken this quiz since the last reset